Multiple Choice JetPunker Quiz - akjlddkjslfsd - Statistics

General Stats
  • This quiz has been taken 4 times
  • The average score is 7 of 10
Answer Stats
Question Answer % Correct
How did I get my username? By mashing the keyboard
100%
Which country am I from? China
100%
Did I play every Daily Word Search puzzle when it first ran in 2022-23? No
100%
Which of these countries have I NOT been to? South Korea
100%
How many takes do I have (as of February 7, 2026)? 50-60k
67%
What was my original username? bghiuegirthty
67%
True or false: COTW was the first JetPunk quiz I ever played. True
67%
How many quizzes do I have (as of February 7, 2026)? 150-200
33%
For how long was I inactive in 2024 and 2025? 1 and a half years
33%
In which year did I join JetPunk? 2020
33%
No matching quizzes found
Score Distribution
Percent of People with Each Score
Percentile by Number Answered
Your Score History
You have not taken this quiz